Pénzeink értékéhez 1624-ben
Elmentve itt :
| Dokumentumtípus: | Cikk |
|---|---|
| Megjelent: |
1900
|
| Sorozat: | Magyar gazdaságtörténelmi szemle
7 |
| Kulcsszavak: | Közgazdaságtudomány, Magyarország történelme, Gazdaságtörténet |
| Online Access: | http://misc.bibl.u-szeged.hu/489 |
| LEADER | 00560nab a2200157 i 4500 | ||
|---|---|---|---|
| 001 | misc489 | ||
| 005 | 20191106144117.0 | ||
| 008 | 170607s1900 hu o 0|| hun d | ||
| 040 | |a SZTE Miscellanea Repozitórium |b hun | ||
| 041 | |a hun | ||
| 245 | 0 | 0 | |a Pénzeink értékéhez 1624-ben |h [elektronikus dokumentum] |
| 260 | |c 1900 | ||
| 300 | |a 32 | ||
| 490 | 0 | |a Magyar gazdaságtörténelmi szemle |v 7 | |
| 695 | |a Közgazdaságtudomány, Magyarország történelme, Gazdaságtörténet | ||
| 856 | 4 | 0 | |u http://misc.bibl.u-szeged.hu/489/1/gazd_tort_szeml_1900_032.pdf |z Dokumentum-elérés |